Name the NRL player - Rugby League Australia - Statistics

General Stats
  • This quiz has been taken 147 times
  • The average score is 16 of 24
Answer Stats
Picture Answer % Correct
Nathan Cleary
98%
James Tedesco
94%
Josh Addo-Carr
94%
Daly Cherry Evans
92%
Latrell Mitchell
90%
Payne Haas
88%
Valentine Holmes
83%
Nicho Hynes
82%
Jahrome Hughes
81%
Tom Burgess
77%
Roger Tuivasa-Sheck
74%
Benji Marshall
72%
Jack Wighton
72%
Jarome Luai
68%
Jason Taumalolo
67%
Jordan Rapana
61%
Addin Fonua-Blake
59%
Ryan Matterson
50%
Martin Tapau
48%
Isaiah Papali’i
45%
Dale Finucane
39%
Jamal Fogarty
38%
Stephen Crichton
38%
Reuben Garrick
28%
No matching quizzes found
Score Distribution
Percent of People with Each Score
Percentile by Number Answered
Your Score History
You have not taken this quiz